000 00427nam a2200157Ia 4500
008 210210b1999 xxu||||| |||| 00| 0 eng d
020 _a0 7522 1379 2
082 _a796.35865 ROBO
100 _aROB STEEN
245 _aOfficial companion to the 1999 cricket world cup.
260 _aLondon
_bMacmillan Publishers Ltd.
_c1999
300 _a119
650 _aCricket
690 _aAthletic & Outdoor Sports
906 _a054426
999 _c102284
_d102284